000 02256cam a2200313 4500500
005 20251228061658.0
041 _afre
042 _adc
100 1 0 _aGilardone, Muriel
_eauthor
245 0 0 _aAmartya Sen sans prisme
260 _c2010.
500 _a22
520 _aRésuméCet article rappelle les ambitions et les enjeux théoriques qui ont conduit Sen à penser une nouvelle conception de l’avantage individuel et des évaluations sociales. Souvent perçue comme relevant de la philosophie morale, l’approche par les capabilités (AC) apparaît comme l’œuvre d’un théoricien du choix social dont l’éclectisme des recherches a permis d’aboutir à une approche du choix social plus ouverte et moins mécanique que celle proposée par Arrow en 1950. Grâce à une concentration nouvelle sur l’espace des potentiels et des capacités individuels et un glissement essentiel du rationnel vers le raisonnable, l’AC offre un cadre renouvelé pour l’économie normative.Classification du JEL : B 310
520 _aThis article recalls the ambitions and theoretical issues that led Sen to develop a new conception of individual advantage and social evaluation. This Capability Approach (CA) is often regarded as moral philosophy. However, it arose from the work of a social choice theorist, whose eclecticism allowed a social choice approach to be formulated, which is more open and less mechanistic than that proposed by Arrow (1950). Due to its new focus on the scope of individual potentials and capacities, and a substantial shift from rationality to reason, Sen’s CA provides a renewed theoretical framework for normative economics.
690 _aAmartya Sen
690 _acapabilité
690 _achoix social
690 _aéconomie normative
690 _aphilosophie morale
690 _athéorie de la justice
690 _aAmartya Sen
690 _acapability
690 _amoral philosophy
690 _anormative economics
690 _asocial choice
690 _atheory of justice
786 0 _nCahiers d'économie Politique | 58 | 1 | 2010-07-01 | p. 9-39 | 0154-8344
856 4 1 _uhttps://shs.cairn.info/revue-cahiers-d-economie-politique-1-2010-1-page-9?lang=fr&redirect-ssocas=7080
999 _c1587690
_d1587690